| 000 | 01919nam a2200277Ia 4500 | ||
|---|---|---|---|
| 999 |
_c50672 _d50672 |
||
| 001 | 17623 | ||
| 003 | GE_BSU | ||
| 005 | 20200220144607.0 | ||
| 008 | 181216s2015 xx |||||||||||||| ||geo|| | ||
| 040 | _cGE_BSU | ||
| 041 | _ageo | ||
| 080 | _a574(075) ქ-34 | ||
| 100 |
_aქაჯაია,გია. _97248 |
||
| 245 |
_aეკოლოგია და დღევანდელობა=ECOLOGY AND THE PRESENT DAY / _cგია. ქაჯაია ; რედ : ირაკლი ელიავა ;გიორგი ნახუცრიშვილი. |
||
| 264 |
_aთბილისი, _c2015. |
||
| 300 |
_a206 გვ.: _bილ; _c24 სმ, |
||
| 504 | _aბიბლიოგრ.: გვ. 187-193 | ||
| 520 | _aილიას სახელმწიფო უნ-ტის ზოოლოგიის ინ-ტი,იუნესკოს საერთაშორისო პროგრამის ,,ადამიანი და ბიოსფერო"საქართველოს ეროვნული კომიტეტი. | ||
| 653 | _aბიოლოგია | ||
| 653 | _aეკოლოგია | ||
| 653 | _aეკოლოგია და დღევანდელობა | ||
| 653 | _aწიგნში აღწერილია ბიოსფეროს უარტოფითი ცვლილება ბოლო საუკუნის განმავლობაში,გაშუქებულია ანთროპოგენური ეკოლოგიური ფაქტორის წარმოშობისა და განვითარების პირობები | ||
| 700 |
_a ელიავა, ირაკლი _eრედაქტორი _97249 |
||
| 700 |
_aნახუცრიშვილი, ,გიორგი _eრედაქტორი _97250 |
||
| 942 |
_cBK _2udc |
||